|
|
|
|
| LEADER |
00000nam a2200000 a 4500 |
| 001 |
vtls001360366 |
| 003 |
SK-MaSNL |
| 005 |
20260301160849.0 |
| 008 |
160415s1998 xo ab y 0 por |
| 015 |
|
|
|a SNBE1999/02-01086
|
| 020 |
|
|
|a 8088877083
|
| 035 |
|
|
|a SNK000313921
|
| 040 |
|
|
|a SNK
|b slo
|c SNK
|e AACR2
|
| 041 |
0 |
|
|a por
|
| 044 |
|
|
|a xo
|c SK
|
| 080 |
|
|
|a 069.6.02(083.9)=690
|2 1981
|
| 110 |
0 |
|
|a Považské múzeum
|4 aut
|9 33264
|
| 245 |
1 |
|
|a Považské múzeum Žilina
|
| 260 |
|
|
|a Žilina
|b Považské múzeum
|c [1998]
|
| 300 |
|
|
|a [2] s.
|b fareb. fotogr.
|c 30 cm
|
| 610 |
2 |
7 |
|a Považské múzeum
|2 SNKKA
|9 33264
|
| 610 |
2 |
7 |
|a Budatínsky zámok (Žilina, Slovensko)
|2 SNKKA
|9 171940
|
| 650 |
0 |
7 |
|a katalógy
|2 SNK
|9 3488
|
| 651 |
|
7 |
|a Žilina (Slovensko : okres)
|2 SNK
|9 56327
|
| 655 |
|
7 |
|a informačné publikácie
|2 SNK
|9 70181
|
| 919 |
|
|
|a 80-88877-08-3
|
| 958 |
|
|
|a TL
|
| 999 |
|
|
|c 807213
|d 809143
|
| 952 |
|
|
|t P60, <09>, [BOOK], {629}
|a SNK
|b SNK
|y NEVYP
|7 0
|o snkC 301
|i snk582/990421
|0 0
|1 0
|4 0
|d 1999-04-19
|l 0
|r 2005-01-02 00:00:00
|w 2026-02-24
|
| 952 |
|
|
|t P60, <03>, [BOOK], {603}
|a SNK
|b SNK
|y PREZ
|7 0
|p 17A0189753
|o snkLSB 1788
|i snkKSP 4315/99
|0 0
|1 0
|4 0
|d 1999-04-19
|l 0
|r 2005-01-02 00:00:00
|w 2026-02-24
|
| 952 |
|
|
|t P60, <04>, [BOOK], {604}
|a SNK
|b SNK
|y VYP
|7 0
|p 17A0189754
|o snkLSB 1788 D1
|i snkKSP 4316/99
|0 0
|1 0
|4 0
|d 1999-04-19
|l 0
|r 2005-01-02 00:00:00
|w 2026-02-24
|